Experimentální projekce specializačního profilu průmyslu evropských členských států RVHP SPEV 901 111 103

Guardado en:
Detalles Bibliográficos
Autor principal: Zeman, Karel
Otros Autores: Kozák, Petr
Formato: Libro
Lenguaje:checo
Publicado: Praha Ústřední ústav národohospodářského výzkumu 1984
Etiquetas: Agregar Etiqueta
Sin Etiquetas, Sea el primero en etiquetar este registro!

MARC

LEADER 00000nam a2200000 4500
001 c109678
005 20181203150308.2
041 0 |a cze 
044 |a CZ 
245 1 0 |a Experimentální projekce specializačního profilu průmyslu evropských členských států RVHP  |b SPEV 901 111 103  |c Karel Zeman, Petr Kozák 
264 1 |a Praha  |b Ústřední ústav národohospodářského výzkumu  |c 1984 
300 |a 166 s. 
100 1 |a Zeman, Karel 
700 1 |a Kozák, Petr